000 00817cab a2200241 4500
001 WB2932-30
008 090401t1993 xxu||||| |||| 00| 0 eng d
035 _a(Sirsi) u11587
041 _aeng
245 _aGolf battle
260 _c1993
350 _a0
490 _aNational Parks Today
_v(36) Summer 1993, 8(1)
520 _aThe Dartmoor National Park Authority has lost its six-year battle to prevent a 113 acre golf course development. The Authority took the DoE`s recommendation that permission should be granted, to the High Court, where the judgement went against the Authority.
650 _aDARTMOOR
650 _aGOLF COURSES
650 _aGREEN BELT
650 _aNATIONAL PARKS
650 _aPLANNING PERMISSION
690 _aPLANNING LAW AND PRACTICE
942 _n0
948 _c04/03/1997
999 _c7390
_d7390